Безвредная ворожея, или Верной способ гадания,. Кн.1 (Запись № 13474473)
[ простой вид ]
| 000 -МАРКЕР | |
|---|---|
| контрольное поле | 02734nam2a22003011 4500 |
| 001 - ИДЕНТИФИКАТОР ЗАПИСИ | |
| контрольное поле | RU\NLR\A1\12006 |
| 005 - ИДЕНТИФИКАТОР ВЕРСИИ | |
| контрольное поле | 20251203152403.2 |
| 035 ## - ДРУГИЕ СИСТЕМНЫЕ НОМЕРА | |
| Идентификатор записи | (NLR Aleph) 009674487 |
| 100 ## - ДАННЫЕ ОБЩЕЙ ОБРАБОТКИ | |
| Данные общей обработки | 19970618d1796 m y0rusy50 ca |
| 101 0# - ЯЗЫК РЕСУРСА | |
| Язык текста, звукозаписи и т.д. | русский |
| 140 ## - ПОЛЕ КОДИРОВАННЫХ ДАННЫХ: СТАРОПЕЧАТНЫЕ ИЗДАНИЯ - ОБЩАЯ ИНФОРМАЦИЯ | |
| Кодированные данные о старопечатном издании - Основные | y y ma yaa0000 |
| 200 0# - ЗАГЛАВИЕ И СВЕДЕНИЯ ОБ ОТВЕТСТВЕННОСТИ | |
| Основное заглавие | Кн.1 |
| 215 ## - ФИЗИЧЕСКАЯ ХАРАКТЕРИСТИКА | |
| Специфическое обозначение материала и объем | 73, [1] с. |
| 316 ## - ПРИМЕЧАНИЯ ОБ ОСОБЕННОСТЯХ ЭКЗЕМПЛЯРА | |
| Текст примечания | Экз. РНБ (18.165.7.8 (Кн.1)): кн.1-5 в одном пер. В карт. коричневом цельнокожаном пер. Кожа на корешке и крышках пер. потрескалась. Сверху крышки пер. отрываются от корешка. На нижней крышке пер. экслибрис Рус. фонда ГПБ с шифром. Корешок с блинтовым тиснением и светлой кожаной наклейкой, на которой вытиснено: "Безвредна ворожея". На форзаце ярлык с шифром РНБ. На нахзаце технич. штамп. Правая сторона форзаца отсутствует. На обороте тит. л. типогр. марка Ридигера и Клаудия. На с.1, 3, 4, 5, 7, 10, 11, 12, 13, 33, 63, 73 круглый штамп ГПБ. По всему кн. блоку потеки. |
| Организация и экземпляр, к которому относится поле | NLR: 18.165.7.8 (Кн.1) |
| 317 ## - ПРИМЕЧАНИЯ О ПРОИСХОЖДЕНИИ ЭКЗЕМПЛЯРА | |
| Текст примечания | В экз. РНБ (18.165.7.8 (Кн.1)) на форзаце ярлык антикварной книжной торговли П.В.Шибанова. |
| Организация и экземпляр, к которому относится поле | NLR: 18.165.7.8 (Кн.1) |
| 461 #0 - УРОВЕНЬ НАБОРА | |
| Встроенное поле | 001RU\NLR\A1\12005 |
| -- | 2000#$aБезвредная ворожея, или Верной способ гадания,$fИзобретенной подпорутчиком Григорием Богдановым$gСостоящая в 5 книгах$vКн.1 |
| -- | 700#1$aБогданов$bГ.$gГригорий$4070 |
| Системный номер (АБИС) связанной записи | 9676638 |
| Автор | Богданов, Г. |
| Место публикации | Москва |
| Дата публикации | 1796 |
| Первые сведения об ответственности | Изобретенной подпорутчиком Григорием Богдановым. |
| Имя издателя, распространителя и т.д. | В Университетской типографии, у Ридигера и Клаудия |
| Заглавие | Безвредная ворожея, или Верной способ гадания, |
| Номер тома | Кн.1 |
| 481 #0 - ТАКЖЕ В ЭТОМ ПЕРЕПЛЕТЕ | |
| Встроенное поле | 001RU\NLR\A1\12001 |
| Системный номер (АБИС) связанной записи | 13474471 |
| Физическая характеристика | 81, [1] с. |
| Заглавие | Кн.2 |
| 481 #0 - ТАКЖЕ В ЭТОМ ПЕРЕПЛЕТЕ | |
| Встроенное поле | 001RU\NLR\A1\12002 |
| Системный номер (АБИС) связанной записи | 13474472 |
| Физическая характеристика | 83-138 с. |
| Заглавие | Кн.3 |
| 481 #0 - ТАКЖЕ В ЭТОМ ПЕРЕПЛЕТЕ | |
| Встроенное поле | 001RU\NLR\A1\12007 |
| Системный номер (АБИС) связанной записи | 13474474 |
| Физическая характеристика | 139-206 с. |
| Заглавие | Кн.4 |
| 481 #0 - ТАКЖЕ В ЭТОМ ПЕРЕПЛЕТЕ | |
| Встроенное поле | 001RU\NLR\A1\12008 |
| Системный номер (АБИС) связанной записи | 13474475 |
| Физическая характеристика | 207-261, [1] с. |
| Заглавие | Кн.5 |
| 702 #1 - ИМЯ ЛИЦА - ВТОРИЧНАЯ ОТВЕТСТВЕННОСТЬ | |
| Начальный элемент ввода | Шибанов |
| Часть имени, кроме начального элемента ввода | П.В. |
| Даты | 1822-1893 |
| Расширение инициалов личного имени | Петр Васильевич |
| Организация и экземпляр, к которому относится поле | NLR: 18.165.7.8 (Кн.1) |
| Код отношения | Книготорговец |
| 801 #0 - ИСТОЧНИК ЗАПИСИ | |
| Страна | Российская Федерация |
| Организация | NLR |
| Дата составления | 19970618 |
| 852 ## - МЕСТОНАХОЖДЕНИЕ И ШИФР ХРАНЕНИЯ | |
| Идентификатор организации | NLR |
| Шифр хранения (Call Number) | 18.165.7.8 (Кн.1) |
| 942 ## - ДОПОЛНИТЕЛЬНЫЕ ЭЛЕМЕНТЫ ЗАПИСИ (АБИС) | |
| Тип экземпляра АБИС | Книга |
| 980 ## - КОЛЛЕКЦИЯ | |
| Название коллекции | Русская книга гражданской печати XVIII в. в библиотеках РФ |
| 980 ## - КОЛЛЕКЦИЯ | |
| Название коллекции | Национальная библиография |
Нет доступных экземпляров.